000
00242nam a2200097Ia 4500
001
679770
005
20250826161329.0
008
250824s9999 xx 000 0 und d
245
0
_a
ÇILGIN BABAM
_c
ZEYNEP CEMALİ
260
_b
GÜNIŞIĞI YAYINLARI
999
_c
679770
_d
679770